| 000 | 00949nam a22003137a 4500 | ||
|---|---|---|---|
| 003 | CHAP | ||
| 005 | 20220329140859.0 | ||
| 008 | 971013s r 00010 d | ||
| 010 | _a59191 | ||
| 011 | _a60163 | ||
| 035 | _a64323 | ||
| 040 | _cCHAP | ||
| 090 | _aFolleto 3264 | ||
| 110 |
_aPrograma Isla Rasa. México _992328 |
||
| 245 | _aInforme, 19 - . | ||
| 260 |
_aMéxico : _bDirección Forestal y de la Fauna, _c19 - . |
||
| 300 | _av. | ||
| 500 | _aLa biblioteca tiene: 1972 | ||
| 590 |
_aBATCH-UPD _b10 _c20130110 _lUCH01 _h0443 |
||
| 590 |
_aBATCH-UPD _b10 _c20130410 _lUCH01 _h0119 |
||
| 590 |
_aBATCH-UPD _b10 _c20130914 _lUCH01 _h0439 |
||
| 590 |
_aCONVERSION _b10 _c20130109 _lUCH01 _h1332 |
||
| 650 | 1 | 4 |
_aAves acuáticas. _98631 |
| 650 | 1 | 4 |
_aVida silvestre. _9119155 |
| 710 | 0 |
_aMéxico. Dirección Forestal y de la Fauna. _976950 |
|
| 901 | _aBK | ||
| 942 | _cFOLL | ||
| 949 |
_aFolleto 3264 _bBC _cFOLL _d-140086 _eTS1 _i64323 _mD _si |
||
| 999 |
_c59191 _d59191 |
||